| 000 | 00470nam a22001817a 4500 | ||
|---|---|---|---|
| 003 | CEME | ||
| 005 | 20210628203320.0 | ||
| 008 | 210126b xxu||||| |||| 00| 0 eng d | ||
| 020 | _a978-1-57215-263 | ||
| 040 | _c. | ||
| 082 | _a320.1 MAC | ||
| 100 |
_aMachiavelli,Niccolo _924230 |
||
| 245 | _aThe prince | ||
| 260 |
_aCHINA _bSIGNATURE PRESS _c2008 |
||
| 300 | _a162P | ||
| 650 |
_aPRACTICAL ETHICS.POLITICAL SCIENCE EARLY WORKS TO 1800 _964665 |
||
| 942 |
_cBK _2ddc |
||
| 999 |
_c573092 _d573092 |
||